| 000 | 00910nam0a22002291 4500 | ||
|---|---|---|---|
| 001 | rc\969270 | ||
| 005 | 20250622062031.0 | ||
| 035 | _a(NLR Aleph) 006138337 | ||
| 090 |
_a5634794 _c5634794 |
||
| 100 | _a20041129d1982 |||y0rusy50 ca | ||
| 101 | 0 | _arus | |
| 102 | _aRU | ||
| 105 | _aa ||||||||| | ||
| 200 | 1 |
_aВасилий Васильевич Глушко _fАН УССР _gВступ. статья В.С. Бурова, С.С. Круглова _gУказ. лит. сост. Р.А. Костенок, Л.М. Рейфман _g[Редкол.: акад. АН УССР К.М. Сытник (председатель) и др.] |
|
| 210 |
_aКиев _cНаукова думка _d1982 |
||
| 215 |
_a53 с., 1 л. портр. _d16 |
||
| 225 | 1 | _aБиобиблиография ученых УССР | |
| 801 | 0 |
_aRU _bNLR _gpsbo |
|
| 801 | 1 |
_aRU _bELAR _2rusmarc |
|
| 852 |
_aNLR _bС _jК-1/1796 |
||
| 942 | _cBOOK | ||
| 980 | _aNB | ||